Histoire de Mlle Brion, dite Comtesse de Launay (1754) /

Bibliographic Details
Other Authors: Apollinaire, Guillaume, 1880-1918 (Editor)
Format: Book
Language:French
Published: Paris : Bibliothèque des curieux, [1913]
Series:Coffret du bibliophile. 6.
Subjects:

MARC

Tag First Indicator Second Indicator Subfields
LEADER 00000cam a2200000 i 4500
001 in00004646821
008 840120s1913 fr 000 1 fre
005 20230214230430.2
010 |a  55055558  
035 |a (OCoLC)ocm06024699 
035 |a (OCoLC)ocm06024699 
040 |a DLC  |b eng  |c DLC  |d TJC  |d CNUTO  |d OCLCF  |d EQO  |d HHG  |d CUS  |d TXA 
019 |a 10320992  |a 1111656082 
035 |a (OCoLC)6024699  |z (OCoLC)10320992  |z (OCoLC)1111656082 
042 |a premarc 
050 0 0 |a HQ463.A2  |b C6 4. sér., 6 
055 3 |a HQ463  |b .A2 
090 |a HQ463  |b .H57 1913 
245 0 0 |a Histoire de Mlle Brion, dite Comtesse de Launay (1754) /  |c Introduction, essai bibliographique par Guillaume Apollinaire. 
246 3 |a Histoire de Mademoiselle Brion 
260 |a Paris :  |b Bibliothèque des curieux,  |c [1913] 
300 |a 155 pages ;  |c 16 cm 
336 |a text  |b txt  |2 rdacontent 
337 |a unmediated  |b n  |2 rdamedia 
338 |a volume  |b nc  |2 rdacarrier 
490 1 |a Le Coffret du bibliophile [4. sér. ;  |v 6] 
500 |a The Cushing Library/Rare Books copy was acquired as part of the Lois Goddard Morrison Collection of Eighteenth Century Literature.  |5 TXA 
504 |a "Essai bibliographique": page 3. 
510 4 |a National union catalog, pre-1956 imprints,  |c volume 18, page 400 
655 7 |a Erotic fiction.  |2 fast  |0 (OCoLC)fst01726601 
655 7 |a Erotic fiction.  |2 lcgft 
655 7 |a Erotica  |y 18th century  |2 rbgenr 
700 1 |a Apollinaire, Guillaume,  |d 1880-1918,  |e editor. 
710 2 |a Bibliothèque des curieux,  |e publisher. 
776 0 8 |i Online version:  |t Histoire de Mlle Brion.  |d Paris : Bibliothèque des curieux, [191-?]  |w (OCoLC)759125901 
830 0 |a Coffret du bibliophile.  |n 4. sér. ;  |v 6. 
029 1 |a AU@  |b 000028462088 
994 |a Z0  |b TXA 
948 |h HELD BY TXA - 10 OTHER HOLDINGS 
999 f f |s eeeb0758-6c04-424e-a9b7-ed9ea8dc84d7  |i bcc486db-5b00-41e8-bf45-49fc3157df19  |t 0 
952 f f |p noncirc  |a Texas A&M University  |b College Station  |c Cushing Memorial Library & Archives  |d Cushing: Rare Books (Does not check out)  |t 0  |e  HQ463 H57 1913  |h Library of Congress classification  |i unmediated -- volume  |m A1485294894L 
998 f f |a  HQ463 H57 1913  |t 0  |l Cushing: Rare Books (Does not check out)